| 000 | 00528nam a2200229Ia 4500 | ||
|---|---|---|---|
| 003 | OSt | ||
| 005 | 20220924142737.0 | ||
| 006 | a|||||r|||| 00| 0 | ||
| 007 | ta | ||
| 008 | ASM | ||
| 024 | _a303150 | ||
| 037 | _cTextual | ||
| 040 |
_aARTS _cARTS _bASM |
||
| 041 |
_2ASM _aASM |
||
| 082 | _aY:351, 158L5 | ||
| 100 |
_aSharma Kalinath _9213994 |
||
| 245 | 0 | _aBhalukak bhurukale | |
| 260 | _c1975 | ||
| 650 | _aSOCIOLOGY | ||
| 942 |
_hY:351, 158L5 _cTEXL _2CC |
||
| 999 |
_c451813 _d451813 |
||